000 00550nam a2200229Ia 4500
003 20180130163558.0
005 20180130163650.0
008 170918s9999 xx 000 0 und d
020 _a9780439569767
050 _bC386 1999
100 _aCazet, Denys
245 _aMinnie and moo and the thanksgiving tree /
245 _cDenys Cazet.
260 _aNew York :
260 _bScholastic,
260 _c1999
300 _a48 pages :
300 _bcolored illustration ;
300 _c23cm.
500 _a130
942 _2ddc
_cLEX
999 _c340990
_d340990